<?xml version="1.0" encoding="UTF-8"?>
<marc:record xmlns:marc="http://www.loc.gov/MARC21/slim">
   <marc:leader>00000nam a2200000 a 4500</marc:leader>
   <marc:datafield ind1="1" ind2=" " tag="100">
      <marc:subfield code="a">Bue, Jacobus</marc:subfield>
   </marc:datafield>
   <marc:datafield ind1="1" ind2=" " tag="100">
      <marc:subfield code="a">Bye, Cornelius</marc:subfield>
   </marc:datafield>
   <marc:datafield ind1="1" ind2=" " tag="100">
      <marc:subfield code="a">Perierus, Johannes</marc:subfield>
   </marc:datafield>
   <marc:datafield ind1="1" ind2=" " tag="100">
      <marc:subfield code="a">Suyskens, Constantinus</marc:subfield>
   </marc:datafield>
   <marc:datafield ind1="1" ind2=" " tag="100">
      <marc:subfield code="a">Stilting, Joannes</marc:subfield>
   </marc:datafield>
   <marc:datafield ind1=" " ind2=" " tag="653">
      <marc:subfield code="a">p||Perierus</marc:subfield>
   </marc:datafield>
   <marc:datafield ind1=" " ind2=" " tag="653">
      <marc:subfield code="a">Johannes</marc:subfield>
   </marc:datafield>
   <marc:datafield ind1=" " ind2=" " tag="653">
      <marc:subfield code="a">s||Kupferstich</marc:subfield>
   </marc:datafield>
   <marc:datafield ind1=" " ind2=" " tag="653">
      <marc:subfield code="a">p||Maria Carolina &lt;Neapel</marc:subfield>
   </marc:datafield>
   <marc:datafield ind1=" " ind2=" " tag="653">
      <marc:subfield code="a">Königin&gt;</marc:subfield>
   </marc:datafield>
   <marc:datafield ind1=" " ind2=" " tag="653">
      <marc:subfield code="a">p||Stilting</marc:subfield>
   </marc:datafield>
   <marc:datafield ind1=" " ind2=" " tag="653">
      <marc:subfield code="a">Joannes</marc:subfield>
   </marc:datafield>
   <marc:datafield ind1=" " ind2=" " tag="653">
      <marc:subfield code="a">f||Nachruf</marc:subfield>
   </marc:datafield>
   <marc:datafield ind1="0" ind2="0" tag="245">
      <marc:subfield code="a">Quo dies primus &amp; secundus continentur</marc:subfield>
   </marc:datafield>
   <marc:datafield ind1="0" ind2="0" tag="245">
      <marc:subfield code="c">Collecta, Digesta, Commentariisque &amp; Observationibus Illustrata A Joanne Stiltingo P. M., Constantino Suyskeno, Joanne Periero P. M., Cornelio Byeo, Jacobo Bueo, Operam conferente Josepho Ghesquiero, E Societate Jesu Presbyteris Theologis</marc:subfield>
   </marc:datafield>
   <marc:datafield ind1=" " ind2="1" tag="264">
      <marc:subfield code="a">Antverpiae</marc:subfield>
      <marc:subfield code="b">Vander Plassche</marc:subfield>
      <marc:subfield code="c">1765</marc:subfield>
   </marc:datafield>
   <marc:datafield ind1="1" ind2=" " tag="520">
      <marc:subfield code="a">Exlibris Kloster Wessobrunn ("Wessofontani proba sum possessio claustri" etc. Kirchenallegorie mit Papstfigur, darunter zwei Hexameter) von I. E. Belling, Cath. Sc. A.V. https://zentralbibliothek.kapuziner.at/kupferstiche/provinzbibliothek/provinzbibliothek_4001.jpg, Frontispiz (Kupferstich) https://zentralbibliothek.kapuziner.at/kupferstiche/provinzbibliothek/provinzbibliothek_4080.jpg von L. Fruytiers fecit, Porträt (Kupferstich) von Erzherzogin Maria Carolina von F. Wagenschön Pinx. 1764 und C. F. Fritsch sculp. Amsterd. https://zentralbibliothek.kapuziner.at/kupferstiche/provinzbibliothek/provinzbibliothek_4081.jpg, Porträt (Kupferstich) von P. Ioannes Stiltingus https://zentralbibliothek.kapuziner.at/kupferstiche/provinzbibliothek/provinzbibliothek_4082.jpg von L. Fruyters f., Porträt (Kupferstich) von P. Ioannes Perierus von L. Fruytiers f. https://zentralbibliothek.kapuziner.at/kupferstiche/provinzbibliothek/provinzbibliothek_4083.jpg, weitere Illustrationen (Kupferstiche), Wappen, figurative und illustrierte Initialen und Zierkupferstiche im Text, gelber Ledereinband auf Buchdeckeln aus Holz, Leder der Buchdeckel mit Linien, fleuralen Bordüren (teilweise Zopfmuster) und Einzelelementen verziert, Buchrücken mit 5 Bünden, Linien ober- und unterhalb der Bünde, gelben Titelschildern "BOLLAN. || OCTOBRIS DIES || 1. et 2." "TOM. I." und Signaturschild "363 (47)", zwei geschwungene Knopfschließen mit Lederscharnieren, blaue Schnittkante, 3 braune Signakel aus Leder.</marc:subfield>
   </marc:datafield>
   <marc:datafield ind1=" " ind2=" " tag="500">
      <marc:subfield code="a">Text teilw. in griech.</marc:subfield>
   </marc:datafield>
   <marc:datafield ind1="0" ind2=" " tag="490">
      <marc:subfield code="v">1.</marc:subfield>
   </marc:datafield>
   <marc:datafield ind1=" " ind2=" " tag="300">
      <marc:subfield code="a">[31] Bl., 705, [1] S., [164] Bl. : Ill.</marc:subfield>
   </marc:datafield>
</marc:record>
